| 000 | 00592nam a2200169 4500 | ||
|---|---|---|---|
| 001 | 116899 | ||
| 003 | ES-MaACL | ||
| 005 | 20230906190805.0 | ||
| 007 | t| | ||
| 008 | 061121s1958 sp r ||||1| spa d | ||
| 100 | 1 |
_aPendl, Fritz. _990162 |
|
| 245 | 1 | 0 |
_aTratamiento moderno de las cardiopatías _b: fundado en el metabolismo del miocardio / _cpor Fritz Pendl ; traducción de la edición alemana por Ricardo Olarán Osorio. |
| 260 |
_aBarcelona : _bLabor, _c1958. |
||
| 300 |
_aXV, 301 p. ; _c23 cm. |
||
| 700 | 1 |
_aOlarán Osorio, Ricardo. _986656 |
|
| 852 |
_aES-MaACL _jC-14593 _bR.42431 |
||
| 999 |
_c116899 _d116899 |
||